United States Places A-Z - Statistics

General Stats
  • This quiz has been taken 33 times
    15 since last reset
  • The average score is 12 of 26
Answer Stats
Hint Answer % Correct
L Nevada city known for gambling, casinos, nightlife Las Vegas
100%
H major Texan city known for space exploration Houston
92%
I Indiana's capital city Indianapolis
92%
P city in both Oregon and Maine Portland
92%
A Alaska's largest city Anchorage
85%
S Coastal Georgia City Savannah
85%
C Capital of New Hampshire Concord
77%
N tiny island off the coast of Cape Cod Nantucket
62%
T On The Western Tip Of Lake Erie Toledo
62%
B in California, located on The Kern River Bakersfield
54%
J City in Hudson County, New Jersey with views of NYC Jersey City
54%
Q Suburb of Boston, Massachusetts Quincy
46%
K in southern Michigan home to Western Michigan University Kalamazoo
46%
Y City in Westchester County, New York Yonkers
46%
G Suburb of Phoenix In Maricopa County Goodyear/Glendale
38%
V Town in Colorado set in White River National Forest Vail
38%
O County Seat of Johnson County, Kansas Olathe
23%
U In The Mohawk Valley in Oneida County Utica
23%
D Name of 2nd most populous county in Wisconsin Dane
15%
E Home to Alton Baker Park & Jordan Schnitzer Museum of Art Eugene
15%
R Name of Island in Dare County, North Carolina Roanoke
15%
W Name of County Located In Wyoming (Hint: It's county seat is Worland) Washakie
15%
Z In Pasco County, Florida Zephyrhills
15%
F Town in Rutland County, Vermont Fair Haven
8%
M Village in Groton & Stonington, Connecticut Mystic
8%
X Town In Utah Xanadu
0%
No matching quizzes found
Score Distribution
Percent of People with Each Score
Percentile by Number Answered
Your Score History
You have not taken this quiz since the last reset